Napoleonic Wars - Statistics

General Stats
  • This quiz has been taken 96 times
  • The average score is 15 of 20
Answer Stats
Question Answer % Correct
Which battle marked the end of the Napoleonic Wars in 1815? Battle of Waterloo
93%
Where was Napoleon exiled in 1814 and then returned the following year? Elba
89%
Napoleon's invasion of what country turned out to be his downfall? Russia
89%
Who was Napoleon's first wife and his true love? Joséphine de Beauharnais
86%
Where did Napoleon Bonaparte die in 1821? Saint Helena
86%
Where did the Battle of Trafalgar take place? Spain
86%
Which battle is undoubtedly one of Napoleon’s most significant defeats? Battle of Leipzig
82%
Which battle Napoleon did not win? Battle of Trafalgar
82%
What was the symbol of the French Empire during the Napoleonic Wars? Golden eagle
79%
In which city the peace conference that set national boundaries after Napoleon's defeat took place? Vienna
79%
Which of these countries remained an enemy of France throughout the entire Napoleonic Wars? Britain
75%
What country was dissolved after the Battle of Austerlitz? Holy Roman Empire
71%
What was the name of the period after Napoleon’s return from exile until King Louis XVIII retook the throne? The Hundred Days
71%
What Russian novel provides a broad panorama of Russian society against the backdrop of the 1812 Napoleonic army's invasion? War and Peace
68%
In which town did Napoleon play a major role in 1793, which also significantly improved his reputation as a soldier? Toulon
64%
Which country Napoleon, as a general in the French military, invaded five years before the Napoleonic Wars? Egypt
61%
What did Napoleon Bonaparte become when the French Directory was overthrown? First Consul of France
61%
Who commanded the British army in the Battle of Trafalgar? Horatio Nelson
54%
Who commanded the Russian army in the Battle of Borodino? Mikhail Kutuzov
50%
Who did French army fight in the Battle of Austerlitz? Russians and Austrians
46%
No matching quizzes found
Score Distribution
Percent of People with Each Score
Percentile by Number Answered
Your Score History
You have not taken this quiz